Informácia zo zasadnuti Regionálneho združenia Tatranských a podtatranských obcí

Bibliographic Details
Format: Article
Language:Slovak
Subjects:

MARC

LEADER 00000nab a2200000 a 4500
001 vtls010487208
003 SK-MaSNL
005 20260305031743.0
008 130201 2012 xo q 000 0 slo
038 |a PPPK 
040 |a PPPKCL  |b slo  |c PPPK  |e AACR2 
041 0 |a slo 
044 |a xo  |c SK 
080 |a 352  |x (437.6)  |2 2001 
080 |a 061:352  |2 2001 
080 |a 06.042  |2 2001 
245 0 0 |a Informácia zo zasadnuti Regionálneho združenia Tatranských a podtatranských obcí 
500 |a Autor článku nie je uvedený. 
648 7 |a 28.11.2012  |2 snkbucl  |9 1191714 
650 0 7 |a obce  |2 pppkcl  |9 2935 
650 0 7 |a inštitúcie a organizácie  |2 pppkcl  |9 66282 
650 0 7 |a zasadnutia  |2 pppkcl  |9 372516 
651 7 |a Veľká Lomnica (Slovensko)  |2 pppkcl  |9 26701 
651 7 |a Kežmarok (Slovensko : okres)  |2 pppkcl  |9 51824 
773 0 |t Spišskobeliansky spravodaj  |g Roč. 10, č. 7 (2012), s. 7 
852 |a PPPK  |b KIS3GCP 
999 |c 3317321  |d 3319251